Canadian Cities by Province - Multiple Choice - Statistics

General Stats
  • This quiz has been taken 12 times
  • The average score is 8 of 13
Answer Stats
Question Answer % Correct
Moncton New Brunswick
100%
Halifax Nova Scotia
100%
Kingston Ontario
100%
Montreal Quebec
100%
Prince George British Columbia
50%
Winnipeg Manitoba
50%
Inuvik Northwest Territories
50%
Iqaluit Nunavut
50%
Sudbury Ontario
50%
Summerside Prince Edward Island
50%
Dawson City Yukon
50%
Corner Brook Newfoundland and Labrador
0%
Prince Albert Saskatchewan
0%
No matching quizzes found
Score Distribution
Percent of People with Each Score
Percentile by Number Answered
Your Score History
You have not taken this quiz